Top 15 dei paesi con decessi Covid-19 - 13 aprile 2022 - Statistics

Statistiche generali
  • Questo quiz è stato fatto 12 volte
  • Il punteggio medio è 14 su 27
Statistiche sulle risposte
paese % Corretto
Francia
100%
Germania
100%
Italia
100%
Russia
100%
Stati Uniti
100%
Argentina
91%
Brasile
82%
Messico
82%
Colombia
64%
India
64%
Regno Unito
64%
Romania
64%
Slovenia
55%
Bulgaria
45%
Indonesia
45%
Cechia
36%
Perù
36%
Polonia
36%
Slovacchia
36%
Bosnia ed Erzegovina
27%
Lettonia
27%
Lituania
27%
Ungheria
27%
Croazia
18%
Iran
9%
Macedonia del Nord
9%
Georgia
0%
Nessun quiz corrispondente trovato
Distribuzione punteggi
Percentuale di utenti per punteggio
Percentile per numero di risposta
I tuoi punteggi nel tempo
Non hai fatto questo quiz